| 000 | 01105nam0a22002651 4500 | ||
|---|---|---|---|
| 001 | rc\937811 | ||
| 005 | 20041129095649.2 | ||
| 035 | _a(NLR Aleph) 006110541 | ||
| 090 |
_a5354288 _c5354288 |
||
| 100 | _a20041129d1982 u |0rusy50 ca | ||
| 101 | 0 | _arus | |
| 102 | _aRU | ||
| 105 | _aa ||||||||| | ||
| 200 | 1 |
_aУчебник английского языка _eДля II кл. шк. с преподаванием ряда предметов на англ. яз. _fИ.Н. Верещагина, М.И. Дубровин, Т.А. Притыкина |
|
| 210 |
_aКиев _cРад. школа _d1982 |
||
| 215 |
_a175 с. _cил. _d22 |
||
| 300 | _aПер. с англ.: English 2 / Vereshchagina I.N. | ||
| 700 | 1 |
_aВерещагина _bИ. Н. _cканд. пед. наук _f1926-2011 _gИрина Николаевна _3RU\NLR\AUTH\776375 |
|
| 701 | 1 |
_aДубровин _bМ. И. _gМарк Исаакович |
|
| 701 | 1 |
_aПритыкина _bТ. А. _gТамара Александровна |
|
| 801 | 0 |
_aRU _bNLR _gpsbo |
|
| 801 | 1 |
_aRU _bELAR _2rusmarc |
|
| 852 |
_aNLR _j82-5/4487 |
||
| 942 | _cBOOK | ||
| 980 | _aNB | ||